|
|
|
|
| LEADER |
00000nab a2200000 a 4500 |
| 001 |
vtls000798873 |
| 003 |
SK-MaSNL |
| 005 |
20260302155519.0 |
| 008 |
180205c2002 xo 0 slo |
| 015 |
|
|
|a SNBRB2002/06-19955
|
| 035 |
|
|
|a CLN000150528
|
| 040 |
|
|
|a SNKBUCL
|b slo
|c SNKBUCL
|e AACR2
|
| 041 |
0 |
|
|a slo
|
| 044 |
|
|
|a xo
|c SK
|
| 080 |
|
|
|a 352/354(437.6)
|2 UDC-MRF-SK2
|
| 100 |
1 |
|
|a Klesnilová, Alžbeta
|4 ain
|9 838469
|
| 245 |
1 |
0 |
|a Parlamentné voľby rozhodnú aj o osude reformy
|b s riaditeľom združenia M.E.S.A. 10 Viktorom Nižňanským
|c [zhovárala sa] Alžbeta Klesnilová
|
| 300 |
|
|
|b Fotogr.
|
| 650 |
0 |
7 |
|a správa verejná
|z Slovensko
|x reforma
|2 snkbucl
|9 463276
|
| 655 |
|
7 |
|a články z novín a časopisov
|2 snkbucl
|9 267496
|
| 700 |
1 |
|
|a Nižňanský, Viktor
|d 1953-
|4 aut
|4 uin
|9 159370
|
| 773 |
0 |
|
|x 1335-4671
|t Národná obroda
|g Roč. 13, č. 124 (30.5.2002), s. 6
|
| 850 |
|
|
|a Slovenská národná knižnica v Martine
|
| 852 |
|
|
|a SNK
|b KIS3GCP
|
| 958 |
|
|
|a RBX
|
| 999 |
|
|
|c 1371721
|d 1373651
|